NBA 2015-16 Man Of The Week - Statistics

General Stats
  • This quiz has been taken 66 times
  • The average score is 40 of 44
Answer Stats
Week Player Team % Correct
Nov. 16-22 LeBron James Cleveland Cavaliers
100%
Jan. 4-10 LeBron James Cleveland Cavaliers
100%
Feb. 29 - Mar. 6 LeBron James Cleveland Cavaliers
100%
Mar. 21-27 LeBron James Cleveland Cavaliers
100%
Mar. 28 - Apr. 3 LeBron James Cleveland Cavaliers
100%
Dec. 28 - Jan. 3 Draymond Green Golden State Warriors
98%
Nov. 23-29 Kevin Durant Oklahoma City Thunder
98%
Dec. 7-13 Kevin Durant Oklahoma City Thunder
98%
Jan. 11-17 Kevin Durant Oklahoma City Thunder
98%
Jan. 25-31 Kevin Durant Oklahoma City Thunder
98%
Mar. 14-20 Kevin Durant Oklahoma City Thunder
98%
Dec. 21-27 Russell Westbrook Oklahoma City Thunder
98%
Oct. 2 - Nov.1 Stephen Curry Golden State Warriors
98%
Nov. 16-22 Stephen Curry Golden State Warriors
98%
Nov. 30 - Dec. 6 Stephen Curry Golden State Warriors
98%
Feb. 22-28 Stephen Curry Golden State Warriors
98%
Mar. 7-13 Stephen Curry Golden State Warriors
98%
Dec. 7-13 DeMar DeRozan Toronto Raptors
96%
Nov. 2-8 James Harden Houston Rockets
96%
Dec. 14-20 Kawhi Leonard San Antonio Spurs
96%
Feb. 29 - Mar. 6 Kawhi Leonard San Antonio Spurs
96%
Mar. 21-27 Klay Thompson Golden State Warriors
96%
Nov. 23-29 Paul George Indiana Pacers
96%
Jan. 4-10 Chris Paul Los Angeles Clippers
94%
Jan. 11-17 John Wall Washington Wizards
94%
Feb. 22-28 Kyle Lowry Toronto Raptors
94%
Mar. 14-20 Kyle Lowry Toronto Raptors
94%
Nov. 9-15 DeMarcus Cousins Sacramento Kings
93%
Jan. 18-24 DeMarcus Cousins Sacramento Kings
93%
Feb. 1-7 Isaiah Thomas Boston Celtics
93%
Oct. 2 - Nov.1 Andre Drummond Detroit Pistons
91%
Nov. 2-8 Andre Drummond Detroit Pistons
91%
Jan. 25-31 Dwyane Wade Miami Heat
91%
Apr. 4-10 Karl-Anthony Towns Minnesota Timberwolves
91%
Feb. 1-7 LaMarcus Aldridge San Antonio Spurs
91%
Jan. 18-24 Kemba Walker Charlotte Hornets
89%
Mar. 7-13 Kemba Walker Charlotte Hornets
89%
Dec. 28 - Jan. 3 Brook Lopez Brooklyn Nets
85%
Apr. 4-10 Paul Millsap Atlanta Hawks
78%
Nov. 30 - Dec. 6 Reggie Jackson Detroit Pistons
76%
Dec. 14-20 Reggie Jackson Detroit Pistons
76%
Dec. 21-27 Marcin Gortat Washington Wizards
70%
Nov. 9-15 Nicolas Batum Charlotte Hornets
56%
Mar. 28 - Apr. 3 J.J. Barea Dallas Mavericks
43%
No matching quizzes found
Score Distribution
Percent of People with Each Score
Percentile by Number Answered
Your Score History
You have not taken this quiz